00820cam a2200229u 450000100100000000500170001000800410002704000310006808200180009910000590011724500490017625000140022526000530023930000270029261000290031965000310034865000350037991000340041404900090044895201160045799900170057300001811520200929165348.0830715s1966 nyu 000 0 eng  aDO-SdBNPcCarPdDLCdBNPHU a813.44bB365w1 aBeach, Edward L.q(Edward Latimer),d1918-2002.93925814aThe wreck of the Memphis /cEdward L. Beach. a2a reimp. aNew York :bHolt, Rinehart and Winston,c[1966]. aviii, 312 p. ;c22 cm.20aMemphis (Cruiser)939259 4aNovela estadounidense9262 4aLiteratura estadounidense9263 aCatalogación por copia / LC aBNGR 001050718MOaGRbGRcCTd2010-04-15iLF1l0o813.44 B365wp18115-10r2020-06-25w2020-06-25y1ZNo se presta c17636d17636